Tres bocetos (Record no. 164634)

MARC details
000 -LEADER
campo de control de longitud fija 00814nam a22001935i 4500
001 - NÚMERO DE CONTROL
campo de control 164634
003 - IDENTIFICADOR DE NÚMERO DE CONTROL
campo de control ES-MaACL
005 - FECHA Y HORA DE LA ÚLTIMA TRANSACCIÓN
campo de control 20250812163237.0
008 - DATOS DE LONGITUD FIJA--INFORMACIÓN GENERAL
campo de control de longitud fija 050802s1879 sp | |||||||| ||spa d
040 ## - FUENTE DE CATALOGACIÓN
Centro catalogador/agencia de origen CAM
Lengua de catalogación spa
Centro/agencia transcriptor CAM
100 1# - ENTRADA PRINCIPAL--NOMBRE DE PERSONA
Nombre de persona Sancho del Castillo, Vicente.
9 (RLIN) 132399
245 13 - MENCIÓN DEL TÍTULO
Título Tres bocetos
Resto del título : la sociedad de Paris /
Mención de responsabilidad, etc. de Vicente Sancho del Castillo; precedidos de un prólogo por Carlos Vieyra de Abreu.
260 ## - PUBLICACIÓN, DISTRIBUCIÓN, ETC.
Lugar de publicación, distribución, etc. Madrid :
Nombre del editor, distribuidor, etc. [s.n.],
Fecha de publicación, distribución, etc. 1879 (
Fabricante Imprenta de Enrique Teodoro)
300 ## - DESCRIPCIÓN FÍSICA
Extensión 34 p. ;
Dimensiones 20 cm.
594 ## - Nota al título y mención de responsabilidad
Nota al título y mención de responsabilidad El subtit. precede al tit.
700 1# - ENTRADA AGREGADA--NOMBRE PERSONAL
Nombre de persona Vieyra de Abreu, Carlos,
Fechas asociadas al nombre 1854-1918
9 (RLIN) 114608
852 ## - LOCALIZACIÓN
Ubicación ES-MaACL
Número de control de estantería T-306-F-1
Nota libre -- Enc. hol.
-- -- Dedic. ms. del autor al Ateneo artístico, científico y literario de Madrid
-- -- Enc. en un vol. facticio
Holdings
Estatus retirado Estado de pérdida Estado de daño No para préstamo Colección Biblioteca de origen Biblioteca actual Ubicación en estantería Fecha de adquisición Total de préstamos Signatura topográfica completa Código de barras Visto por última vez Precio de reemplazo Tipo de ítem Koha
        Colección de folletos Biblioteca del Ateneo de Madrid Biblioteca del Ateneo de Madrid Depósito folletos 17/01/2008   T-306-F-1 1172581 23/02/2023 23/02/2023 Folleto